| 000 | 00658cam a22001937a 4500 | ||
|---|---|---|---|
| 001 | e 12001290 | ||
| 003 | DLC | ||
| 005 | 20260227111158.0 | ||
| 008 | 990601s1897 fr a 000 0 fre c | ||
| 010 | _ae 12001290 | ||
| 040 |
_aLibrary, U. S. Bur. of Education _cNIE _dDLC |
||
| 050 | 0 | 0 | _aMLCS 2007/47606 (L) |
| 100 | 1 | _aWolff, Maurice. | |
| 245 | 1 | 2 |
_aL'éducation nationale : _ble problème de l'éducation moderne et l'université / _cpar Maurice Wolff. |
| 260 |
_aParis : _bV. Giard & E. Brière, _c1897. |
||
| 300 |
_aix, 198 p. ; _c19 cm. |
||
| 490 | 0 |
_aPetite encyclopédie sociale, économique et financière ; _v23 |
|
| 650 | 0 |
_aEducation _zFrance. |
|
| 999 |
_c19389 _d19389 |
||